Little orphan Annie : (Record no. 17955)
[ view plain ]
| 000 -LEADER | |
|---|---|
| fixed length control field | 00764cam a22002291i 4500 |
| 001 - CONTROL NUMBER | |
| control field | ca 36000060 |
| 003 - CONTROL NUMBER IDENTIFIER | |
| control field | DLC |
| 005 - DATE AND TIME OF LATEST TRANSACTION | |
| control field | 20260227111139.0 |
| 008 - FIXED-LENGTH DATA ELEMENTS--GENERAL INFORMATION | |
| fixed length control field | 770224s1935 nyu 000 0 eng |
| 010 ## - LIBRARY OF CONGRESS CONTROL NUMBER | |
| LC control number | ca 36000060 |
| 035 ## - SYSTEM CONTROL NUMBER | |
| System control number | (OCoLC)2761650 |
| 040 ## - CATALOGING SOURCE | |
| Original cataloging agency | DLC |
| Transcribing agency | MNoW |
| Modifying agency | DLC |
| 042 ## - AUTHENTICATION CODE | |
| Authentication code | premarc |
| 050 00 - LIBRARY OF CONGRESS CALL NUMBER | |
| Classification number | PS3525.A2668 |
| Item number | L5 1935 |
| 082 ## - DEWEY DECIMAL CLASSIFICATION NUMBER | |
| Classification number | 812.5 |
| 100 1# - MAIN ENTRY--PERSONAL NAME | |
| Personal name | McLaughlin, Robert Hugus, |
| Dates associated with a name | 1877- |
| 245 10 - TITLE STATEMENT | |
| Title | Little orphan Annie : |
| Remainder of title | a comedy-drama in three acts from the poems and stories of James Whitcomb Riley / |
| Statement of responsibility, etc. | by Robert McLaughlin. |
| 260 ## - PUBLICATION, DISTRIBUTION, ETC. | |
| Place of publication, distribution, etc. | New York : |
| Name of publisher, distributor, etc. | French, |
| Date of publication, distribution, etc. | 1935. |
| 300 ## - PHYSICAL DESCRIPTION | |
| Extent | 96 p. : |
| Other physical details | ill. ; |
| Dimensions | 19 cm. |
| 500 ## - GENERAL NOTE | |
| General note | "Copyright, 1918 (under title, 'Home folks')" |
| 700 1# - ADDED ENTRY--PERSONAL NAME | |
| Personal name | Riley, James Whitcomb, |
| Dates associated with a name | 1849-1916. |
| Title of a work | Little orphan Annie. |
No items available.